以基督為中心的敬拜 Yi Jidu wei zhong xin de jing bai = Christ-centered worship {ch} / (Record no. 352)
[ view plain ]
| 000 -LEADER | |
|---|---|
| fixed length control field | 02387cam a2200361Ia 4500 |
| 001 - CONTROL NUMBER | |
| control field | 154969 |
| 003 - CONTROL NUMBER IDENTIFIER | |
| control field | OSt |
| 005 - DATE AND TIME OF LATEST TRANSACTION | |
| control field | 20200317085909.0 |
| 008 - FIXED-LENGTH DATA ELEMENTS--GENERAL INFORMATION | |
| fixed length control field | 120131s2011 caug b 000 0 chi d |
| 020 ## - INTERNATIONAL STANDARD BOOK NUMBER | |
| International Standard Book Number | 9781932184488 : |
| Terms of availability | MR65.61/Php935.60 |
| 020 ## - INTERNATIONAL STANDARD BOOK NUMBER | |
| International Standard Book Number | 1932184481 |
| 040 ## - CATALOGING SOURCE | |
| Original cataloging agency | CFT |
| Language of cataloging | eng |
| Transcribing agency | CFT |
| 066 ## - CHARACTER SETS PRESENT | |
| Alternate G0 or G1 character set | $1 |
| 100 1# - MAIN ENTRY--PERSONAL NAME | |
| Personal name | 作者柴培爾 Chapell, Bryan. |
| 240 10 - UNIFORM TITLE | |
| Uniform title | <a href="Christ-centered worship.">Christ-centered worship.</a> |
| Language of a work | Chinese |
| 245 10 - TITLE STATEMENT | |
| Title | 以基督為中心的敬拜 Yi Jidu wei zhong xin de jing bai = Christ-centered worship {ch} / |
| Statement of responsibility, etc | Zuo zhe Chaipei'er (Bryan Chapell) ; yi zhe Song Meiqi, Zhang Yichen, 作者柴培爾 ; 譯者宋梅琦, 張怡晨. 宋梅琦. 張怡晨. |
| 260 ## - PUBLICATION, DISTRIBUTION, ETC. (IMPRINT) | |
| Place of publication, distribution, etc | South Pasadena, Calif. : |
| Name of publisher, distributor, etc | 美國麥種傳道會 Meiguo mai zhong chuan dao hui, |
| Date of publication, distribution, etc | c2011. |
| 300 ## - PHYSICAL DESCRIPTION | |
| Extent | 416 p. : |
| Other physical details | music ; |
| Dimensions | 24 cm. |
| 336 ## - CONTENT TYPE | |
| Source | rdacontent |
| Content Type Term | text |
| 337 ## - MEDIA TYPE | |
| Source | rdamedia |
| Media Type Term | unmediated |
| 338 ## - CARRIER TYPE | |
| Source | rdacarrier |
| Carrier Type Term | volume |
| 490 1# - SERIES STATEMENT | |
| Series statement | Mai zhong ji chu jiao yu xi lie 麥種基礎教育系列 = |
| -- | Kernel of wheat basic equipments (KWBE) |
| 504 ## - BIBLIOGRAPHY, ETC. NOTE | |
| Bibliography, etc | Includes bibliographical references. |
| 505 0# - FORMATTED CONTENTS NOTE | |
| Formatted contents note | English contents : Gospel worship -- The Gospel of structure -- The Roman story -- Luther's story -- Calvin's story -- Westminster's story -- The modern story -- The Gospel story -- Christ's story -- "Re-presenting" Christ's story -- The mission of Christ-centered worship -- The aspects of Christ-centered worship -- The components of Christ-centered worship -- Gospel worship resources -- Call to worship -- Affirmation of faith -- Confession of sin -- Assurance of pardon -- Rubrics : transitions -- Historic components -- Scripture-reading history and practice -- Christ-centered sermons -- Benedictions and charges -- Worship service examples -- Communion services -- Musical styles -- Appendix: Worship resources on the Internet. |
| 520 ## - SUMMARY, ETC. | |
| Summary, etc | English summary : The church's worship has always been shaped by its understanding of the gospel. Here Bryan Chapell provides churches with a Christ-centered understanding of worship to enable them to transcend the traditional/contemporary worship debate and unite in ministry and mission priorities. --from publisher description |
| 650 #0 - SUBJECT ADDED ENTRY--TOPICAL TERM | |
| Topical term or geographic name as entry element | Worship {ch}. |
| 650 #0 - SUBJECT ADDED ENTRY--TOPICAL TERM | |
| Topical term or geographic name as entry element | Public worship {ch}. |
| 700 1# - ADDED ENTRY--PERSONAL NAME | |
| Personal name | 宋梅琦 Song, Meiqi. |
| 700 1# - ADDED ENTRY--PERSONAL NAME | |
| Personal name | 張怡晨 Zhang, Yichen . |
| 942 ## - ADDED ENTRY ELEMENTS (KOHA) | |
| Source of classification or shelving scheme | Library of Congress Classification |
| Item type | Books |
| Koha issues (borrowed), all copies | 5 |
| Withdrawn status | Lost status | Source of classification or shelving scheme | Damaged status | Not for loan | Home library | Current library | Shelving location | Date acquired | Source of acquisition | Inventory number | Total Checkouts | Full call number | Barcode | Date last seen | Date last borrowed | Price effective from | Koha item type | Cost, normal purchase price | Total Renewals | Copy number |
|---|---|---|---|---|---|---|---|---|---|---|---|---|---|---|---|---|---|---|---|---|
| Library of Congress Classification | BSOP Library | BSOP Library | Chinese Books (General Circulation) | 04/24/2012 | C-11039 | 1 | BV10.3 C36 2011 | 00042601 | 03/19/2020 | 03/17/2020 | 02/23/2013 | Books | ||||||||
| Library of Congress Classification | BSOP Library | BSOP Library | Chinese Books (General Circulation) | 07/31/2012 | C-11040 | 2 | BV10.3 C36 2011 | 00042610 | 03/14/2019 | 11/24/2018 | 02/23/2013 | Books | 935.60 | 1 | c.2 | |||||
| Library of Congress Classification | BSOP Library | BSOP Library | Chinese Books (General Circulation) | 11/07/2014 | C-12397 | 1 | BV10.3 C36 2011 | 00044797 | 11/29/2018 | 05/26/2016 | 11/07/2014 | Books | c.3 | |||||||
| Library of Congress Classification | BSOP Library | BSOP Library | Chinese Books (General Circulation) | 06/16/2015 | C-13019 | 1 | BV10.3 C36 2011 | 00045419 | 11/13/2019 | 10/30/2019 | 06/16/2015 | Books | c.4 |
